000 00446nam a2200169 i 4500
001 bg
100 1 _aBRUNNER, Witlof
245 0 _aElektronika kwantowa :
_bwprowadzenie do fizyki laserów /
_cW. Brunner, W. Radloff, K. Junge.
260 _aWarszawa,
_c1980.
700 1 _aRADLOFF, Wolfgang
700 1 _aJUNGE, Klaus
040 _cBPK
041 _apol
080 _a621.375.82
942 _cKS
008 s pl f |000 0 pol
999 _c19385
_d19385
856 _uhttp://koha.tu.koszalin.pl/cgi-bin/koha/opac-detail.pl?biblionumber=19385
_yKatalog online BPK